Kalkınan Türkiye'nin cephe çıkmazı (Record no. 10032)

MARC details
000 -BAŞLIK
Sabit Uzunlukta Kontrol Alanı 00857na a2200265 4500
001 - KONTROL NUMARASI
Denetim Alanı 16390
003 - KONTROL NUMARASI IDENTIFIER
Denetim Alanı MIRAKIL
005 - SON İŞLEM TARİHİ VE ZAMANI
Denetim Alanı 20181213155305.0
008 - SABİT-BOY VERİ ELEMANLARI - GENEL BİLGİLER
Sabit Uzunlukta Kontrol Alanı 161004b tu 000 0
035 ## - SİSTEM KONTROL NUMARASI
Sistem Kontrol Numarası 16390
040 ## - KATALOGLAMA KAYNAK
Orijinal Kataloglama Ajansı Milas
Kataloglama Dili tur
Metne Dönüştürmek Ajansı TR-AnCHP
041 ## - DİL KODU
Metin / Ses Parça Veya Ayrı Başlığın Dil Kodu tur
082 ## - DEWEY ONLU SINIFLANDIRMA NUMARASI
Sınıflandırma Numarası CHP 320.9561
Ürün Numarası Ü77k 1976
090 ## - SINIFLAMA NUMARASI
Sınıflama Numarası CHP 320.9561 Ü77k 1976
100 ## - ANA GİRİŞ - KİŞİSEL İSİM
Kişisel Ad Üstünel, Besim
Bir Adıyla İlişkilendirilen Tarihler 1927-2015
245 ## - BAŞLIK TABLOSU
Başlık Kalkınan Türkiye'nin cephe çıkmazı
Başlığın Kalan siyasal bir değerlendirme
Sorumluluk Tablosu, Vb Besim Üstünel
246 ## - UNVAN FORM VARYING
Başlık Doğru / Kısa Başlığı siyasal bir değerlendirme
260 ## - YAYIN, DAĞITIM, VB
Yayın, Dağıtım, Vb Yeri Ankara
Yayıncı, Dağıtıcı, Vs Adı [yayl.y.]
Yayın, Dağıtım, Vb Tarihi 1976
300 ## - FİZİKSEL TANIM
Kapsam 147 s.
Diğer Fiziksel Ayrıntıları tbl.
Boyutlar 20 sm.
650 ## - KONU KATMA GİRİŞ - TOPİKAL DÖNEM
Topikal Süreli Veya Coğrafi Ad Giriş Elemanı Sosyal demokrasi
Genel Alt Bölümü Anayasa
Coğrafi Alt Bölümü Türkiye
651 ## - KONU KATMA GİRİŞ - COĞRAFİ ADI
Coğrafi İsim Türkiye
Genel Alt Bölümü Dış politika
Kronolojik Alt Bölümü 20. yüzyıl
Coğrafi Alt Bölümü Sorunlar
651 ## - KONU KATMA GİRİŞ - COĞRAFİ ADI
Coğrafi İsim Türkiye
Genel Alt Bölümü Ekonomik sorunlar
Kronolojik Alt Bölümü 20. yüzyıl
651 ## - KONU KATMA GİRİŞ - COĞRAFİ ADI
Coğrafi İsim Türkiye
Genel Alt Bölümü Siyasal sorunlar
Kronolojik Alt Bölümü 20. yüzyıl
942 ## - EKLENDİ GİRİŞ ELEMANLARI (KOHA)
Sınıflandırma Veya Raf Düzeni Kaynak
Koha Öğesi Türü Books
999 ## - SİSTEM KONTROL NUMARALARI (KOHA)
Koha Biblionumber 10032
Koha Biblioitemnumber 10032
Holdings
Kullanım Kısıtlamaları Kalıcı Konum Mevcut Konum Edinme Tarihi Edinim Kaynak Toplam Check-Out'Lar Tam Çağrı Numarası Barkod Tarih Son Görülme İtibaren Geçerli Fiyatlar Koha Öğesi Türü Kopya Sayısı
Kütüphane dışına çıkarılamaz CHP Kütüphanesi CHP Kütüphanesi 10/04/2016 Bağış   CHP 320.9561 Ü77k 1976 005220 10/04/2016 10/04/2016 Books  
Kütüphane dışına çıkarılamaz CHP Kütüphanesi CHP Kütüphanesi 10/04/2016 Bağış   CHP 320.9561 Ü77k 1976 005221 10/04/2016 10/04/2016 Books k.2